[Event "SVK-chT3A2 1819"]
[Site "Slovakia"]
[Date "2018.10.07"]
[Round "1.3"]
[White "Sadlon, Matus"]
[Black "Jancik, Ondrej"]
[Result "1-0"]
[WhiteElo "1681"]
[BlackElo "1637"]
[PlyCount "97"]
[EventDate "2018.10.07"]
[EventType "team-tourn"]
[EventRounds "11"]
[EventCountry "SVK"]
[SourceTitle "EXT 2020"]
[Source "ChessBase"]
[SourceDate "2019.10.17"]
[SourceVersion "1"]
[SourceVersionDate "2019.10.17"]
[SourceQuality "1"]
[WhiteTeam "Senica CVC"]
[BlackTeam "Trnava Lokomotiva II"]
[WhiteTeamCountry "SVK"]
[BlackTeamCountry "SVK"]

1. e4 c5 2. Nf3 d6 3. c3 Nf6 4. Qc2 Nc6 5. d4 cxd4 6. cxd4 g6 7. Nc3 Bg7 8. Bb5 Bd7 9. 0-0 0-0 10. Bxc6 bxc6 11. Be3 Qa5 12. h3 Rfc8 13. Ne2 Rab8 14. Ng3 Nh5 15. Bd2 Qb5 16. b3 Nxg3 17. fxg3 c5 18. Rae1 cxd4 19. Qb1 Rb7 20. Ng5 Be8 21. Qd1 h6 22. Nf3 Rbc7 23. Nh4 Rc2 24. Rf2 d3 25. Kh2 e6 26. Ref1 g5 27. Qg4 Qd7 28. Nf3 Rxa2 29. Nxg5 hxg5 30. Bxg5 Rxf2 31. Rxf2 e5 32. Rf5 Qe6 33. Bf6 Qxf6 34. Rxf6 Rc1 35. Rf2 Bb5 36. h4 a6 37. h5 Kf8 38. Qg5 Bh8 39. h6 Rc2 40. Rxc2 dxc2 41. Qd8+ Be8 42. Qxd6+ Kg8 43. Qd2 Kh7 44. g4 Bb5 45. Qxc2 Kxh6 46. Qf2 Kg7 47. g5 Kf8 48. g6 f6 49. Qa7 1-0

[Event "SVK-chT4 A22 1718"]
[Site "Slovakia"]
[Date "2017.11.12"]
[Round "4.3"]
[White "Szabo, Julius1111"]
[Black "Jancik, Ondrej"]
[Result "1/2-1/2"]
[WhiteElo "1632"]
[BlackElo "1685"]
[PlyCount "80"]
[EventDate "2017.10.01"]
[EventType "team-tourn"]
[EventRounds "11"]
[EventCountry "SVK"]
[SourceTitle "EXT 2020"]
[Source "ChessBase"]
[SourceDate "2019.10.17"]
[SourceVersion "1"]
[SourceVersionDate "2019.10.17"]
[SourceQuality "1"]

1. e4 c5 2. Nc3 d6 3. d3 g6 4. g3 Bg7 5. Bg2 Nf6 6. h3 Nc6 7. f4 Nh5 8. Nce2 e5 9. c3 exf4 10. Bxf4 Nxf4 11. Nxf4 Qg5 12. Nge2 0-0 13. Qd2 Qd8 14. 0-0-0 Be6 15. Kb1 Qb6 16. Nxe6 fxe6 17. Rhf1 Ne5 18. Nf4 Rae8 19. Rf2 Qd8 20. Rdf1 Nf7 21. h4 Bh6 22. Qc2 Qe7 23. Qb3 Nd8 24. Bh3 Bxf4 25. Rxf4 Rxf4 26. Rxf4 Rf8 27. Rxf8+ Kxf8 28. a3 Qf7 29. d4 cxd4 30. cxd4 Qf2 31. Bxe6 Nxe6 32. Qxe6 Qxd4 33. Qc8+ Kg7 34. Qxb7+ Kh6 35. Qe7 Qg1+ 36. Ka2 Qxg3 37. Qxa7 Qxh4 38. Qe3+ g5 39. Qd4 Qf4 40. a4 g4 1/2-1/2

[Event "SVK-chT4 A22 1718"]
[Site "Slovakia"]
[Date "2017.10.29"]
[Round "3.4"]
[White "Jancik, Ondrej"]
[Black "Foltinovic, Tomas"]
[Result "0-1"]
[WhiteElo "1684"]
[BlackElo "1666"]
[PlyCount "62"]
[EventDate "2017.10.01"]
[EventType "team-tourn"]
[EventRounds "11"]
[EventCountry "SVK"]
[SourceTitle "EXT 2020"]
[Source "ChessBase"]
[SourceDate "2019.10.17"]
[SourceVersion "1"]
[SourceVersionDate "2019.10.17"]
[SourceQuality "1"]

1. e4 c6 2. c4 d5 3. cxd5 cxd5 4. exd5 Qxd5 5. Nc3 Qa5 6. d4 e6 7. a3 Nf6 8. Bd2 Nd5 9. Rc1 Nc6 10. Nf3 Bd6 11. Bc4 Nxc3 12. Bxc3 Qf5 13. 0-0 0-0 14. Bd3 Qh5 15. Re1 Rd8 16. Re4 h6 17. Rh4 Qd5 18. Be4 Qb5 19. Bb1 Be7 20. Qc2 Bxh4 21. Qh7+ Kf8 22. Qh8+ Ke7 23. Qxg7 Bf6 24. Bb4+ Nxb4 25. Rc7+ Bd7 26. Qh7 Rh8 27. Qe4 Nd5 28. Rc2 Rac8 29. Re2 Rc1+ 30. Ne1 Rxb1 31. Qxb1 Qxe2 0-1

[Event "SVK-chT4 A22 1516"]
[Site "Slovakia"]
[Date "2016.03.13"]
[Round "10.1"]
[White "Sarkozi, Szabolcs"]
[Black "Jancik, Ondrej"]
[Result "0-1"]
[WhiteElo "1443"]
[BlackElo "1664"]
[PlyCount "96"]
[EventDate "2015.10.04"]
[EventType "team-tourn"]
[EventRounds "11"]
[EventCountry "SVK"]
[SourceTitle "EXT 2020"]
[Source "ChessBase"]
[SourceDate "2019.10.17"]
[SourceVersion "1"]
[SourceVersionDate "2019.10.17"]
[SourceQuality "1"]

1. e4 c5 2. Nc3 d6 3. Nf3 Nf6 4. Be2 g6 5. d4 cxd4 6. Nxd4 Bg7 7. b3 Bd7 8. Bb2 0-0 9. 0-0 Nc6 10. Nxc6 Bxc6 11. f3 Qc7 12. Bc4 a6 13. Rf2 e6 14. a4 Rfd8 15. Rd2 Ne8 16. Rb1 Rac8 17. Ne2 Bxb2 18. Rxb2 Nf6 19. Nc3 Kf8 20. Rd3 Qb8 21. Kh1 b5 22. axb5 axb5 23. e5 dxe5 24. Bxb5 Bxb5 25. Nxb5 Ke7 26. Nc3 Rxc3 27. Rxd8 Qxd8 28. Qe1 Qd4 29. Ra2 Nd5 30. Ra4 Re3 31. Qg1 Qd2 32. Re4 Rxe4 33. fxe4 Ne3 34. c4 Kd6 35. b4 Nxc4 36. b5 Ne3 37. h3 Qd1 38. b6 Qxg1+ 39. Kxg1 Nc4 40. b7 Kc7 41. Kf2 Kxb7 42. Kg3 Nd6 43. Kf3 h5 44. g4 hxg4+ 45. hxg4 g5 46. Ke3 Kc6 47. Kd3 Nb5 48. Kc4 Nd4 0-1

[Event "SVK-chT4 A22 1516"]
[Site "Slovakia"]
[Date "2016.02.28"]
[Round "9.6"]
[White "Rendek, Jozef"]
[Black "Jancik, Ondrej"]
[Result "0-1"]
[WhiteElo "1505"]
[BlackElo "1664"]
[PlyCount "92"]
[EventDate "2015.10.04"]
[EventType "team-tourn"]
[EventRounds "11"]
[EventCountry "SVK"]
[SourceTitle "EXT 2020"]
[Source "ChessBase"]
[SourceDate "2019.10.17"]
[SourceVersion "1"]
[SourceVersionDate "2019.10.17"]
[SourceQuality "1"]

1. e4 c5 2. Nf3 d6 3. Bc4 Nf6 4. Nc3 Nc6 5. h3 g6 6. d4 cxd4 7. Nxd4 Bg7 8. Nxc6 bxc6 9. 0-0 0-0 10. Qf3 Nd7 11. h4 Ne5 12. Qe2 a5 13. Bb3 Ba6 14. Qe3 Bxf1 15. Kxf1 h5 16. f3 e6 17. Qf2 Qd7 18. f4 Ng4 19. Qg3 Bd4 20. Ne2 Bf2 21. Qh3 d5 22. exd5 cxd5 23. c3 Rfc8 24. Qd3 Qa7 25. Nd4 Bxh4 26. Bd1 Nh6 27. Be2 Nf5 28. Be3 Ng3+ 29. Kg1 Nxe2+ 30. Qxe2 Qb7 31. Nf3 Bf6 32. Ne5 Rab8 33. b4 axb4 34. cxb4 Qxb4 35. Rf1 Bxe5 36. fxe5 Qe4 37. Qf2 Rb7 38. Qg3 Rb1 39. Rxb1 Qxb1+ 40. Kh2 Rc4 41. Qg5 Qb8 42. Qf6 Qf8 43. Qf2 Rc8 44. a4 Qe7 45. a5 Rc4 46. Qb2 Qh4+ 0-1

[Event "SVK-chT4 A22 1314"]
[Site "Slovakia"]
[Date "2013.11.17"]
[Round "4.4"]
[White "Benkovsky, Peter"]
[Black "Jancik, Ondrej"]
[Result "1/2-1/2"]
[WhiteElo "1683"]
[BlackElo "1665"]
[PlyCount "42"]
[EventDate "2013.10.06"]
[EventType "team-tourn"]
[EventRounds "11"]
[EventCountry "SVK"]
[SourceTitle "EXT 2015"]
[Source "ChessBase"]
[SourceDate "2014.11.20"]
[SourceVersion "1"]
[SourceVersionDate "2014.11.20"]
[SourceQuality "1"]
[WhiteTeam "Trnava Lokomotiva V"]
[BlackTeam "Trnava Lokomotiva IV"]
[WhiteTeamCountry "SVK"]
[BlackTeamCountry "SVK"]

1. d4 Nf6 2. c4 g6 3. Nc3 d5 4. e3 Bg7 5. Nf3 0-0 6. Bd3 c6 7. 0-0 Nbd7 8. cxd5 cxd5 9. b3 a6 10. Bb2 b5 11. Rc1 Bb7 12. Ne2 Rc8 13. Rxc8 Qxc8 14. Qc2 Qxc2 15. Bxc2 Rc8 16. Rc1 e6 17. Bd3 Ne8 18. Rxc8 Bxc8 19. h3 Nc5 20. Nc1 Nd7 21. Ne2 Nc5 1/2-1/2

[Event "SVK-chT4 A22 1213"]
[Site "Slovakia"]
[Date "2013.01.06"]
[Round "6.2"]
[White "Lopatievov, Alexander"]
[Black "Jancik, Ondrej"]
[Result "1-0"]
[WhiteElo "1937"]
[BlackElo "1701"]
[PlyCount "72"]
[EventDate "2012.10.14"]
[EventType "team-tourn"]
[EventRounds "11"]
[EventCountry "SVK"]
[SourceTitle "EXT 2015"]
[Source "ChessBase"]
[SourceDate "2014.11.20"]
[SourceVersion "1"]
[SourceVersionDate "2014.11.20"]
[SourceQuality "1"]
[WhiteTeam "Trnava Modranka II"]
[BlackTeam "Trnava Lokomotiva Solartec V"]
[WhiteTeamCountry "SVK"]
[BlackTeamCountry "SVK"]

1. c4 c5 2. Nc3 Nc6 3. e3 e6 4. Nf3 Nf6 5. a3 d5 6. d4 Be7 7. dxc5 Qa5 8. Bd2 dxc4 9. Na4 Qc7 10. Bxc4 Bd7 11. b4 Ne4 12. Nc3 Nxd2 13. Qxd2 0-0 14. Nb5 Qb8 15. Qxd7 a6 16. Nbd4 Bf6 17. 0-0-0 Ne5 18. Nxe5 Qxe5 19. Rd3 a5 20. Kb2 axb4 21. axb4 Rfd8 22. Qb5 Qf5 23. f3 Qg5 24. g3 e5 25. f4 exf4 26. exf4 Qh5 27. Rhd1 Rxd4 28. Kc2 Qf5 29. Bxf7+ Kf8 30. Bc4 Re4 31. Kb3 Re2 32. Rd8+ Bxd8 33. Bxe2 Qf7+ 34. Qc4 Qf6 35. Qd4 Qg6 36. Bc4 Bf6 1-0

[Event "SVK-chT4 A22 1213"]
[Site "Slovakia"]
[Date "2012.12.16"]
[Round "5.1"]
[White "Kosar, Mikulas1111"]
[Black "Jancik, Ondrej"]
[Result "1-0"]
[WhiteElo "1738"]
[BlackElo "1701"]
[PlyCount "83"]
[EventDate "2012.10.14"]
[EventType "team-tourn"]
[EventRounds "11"]
[EventCountry "SVK"]
[SourceTitle "EXT 2015"]
[Source "ChessBase"]
[SourceDate "2014.11.20"]
[SourceVersion "1"]
[SourceVersionDate "2014.11.20"]
[SourceQuality "1"]
[WhiteTeam "Gabcikovo Russel II"]
[BlackTeam "Trnava Lokomotiva Solartec V"]
[WhiteTeamCountry "SVK"]
[BlackTeamCountry "SVK"]

1. e4 c5 2. Nf3 d6 3. Nc3 Nf6 4. d4 cxd4 5. Qxd4 Nc6 6. Qd1 g6 7. Bb5 Bd7 8. 0-0 Bg7 9. h3 0-0 10. Re1 Qc7 11. Nd5 Nxd5 12. exd5 Ne5 13. Bxd7 Qxd7 14. c3 Rfc8 15. Bf4 Nc4 16. Rb1 Rc7 17. Qd3 Rac8 18. Re2 e6 19. dxe6 fxe6 20. Rd1 Rc5 21. Qe4 e5 22. Be3 Nxe3 23. Rxe3 d5 24. Qc2 Qc7 25. Ng5 Qc6 26. Nf3 d4 27. Qb3+ Qd5 28. cxd4 Qxb3 29. Rxb3 Rc1 30. Rxc1 Rxc1+ 31. Kh2 exd4 32. Rxb7 d3 33. Rd7 Bxb2 34. Rxd3 Rc7 35. Ng5 Re7 36. h4 h6 37. Nf3 Bc1 38. g3 Re2 39. Rd8+ Kf7 40. Kg2 Ke7 41. Rd5 Be3 42. Re5+ 1-0

[Event "SVK-chT3A2 0607"]
[Site "Slovakia"]
[Date "2006.12.03"]
[Round "5"]
[White "Bogi, Peter"]
[Black "Jancik, Ondrej"]
[Result "1-0"]
[WhiteElo "1350"]
[BlackElo "1760"]
[PlyCount "47"]
[EventDate "2006.10.08"]
[EventType "team-tourn"]
[EventRounds "11"]
[EventCountry "SVK"]
[SourceTitle "EXT 2008"]
[Source "ChessBase"]
[SourceDate "2007.11.25"]
[SourceVersion "1"]
[SourceVersionDate "2007.11.25"]
[SourceQuality "1"]
[WhiteTeam "Velky Meder"]
[BlackTeam "Trnava III"]
[WhiteTeamCountry "SVK"]
[BlackTeamCountry "SVK"]

1. e4 c5 2. Nc3 d6 3. Bc4 Nf6 4. d3 g6 5. Nf3 Bg7 6. 0-0 0-0 7. h3 Nc6 8. Bg5 e6 9. Re1 a6 10. a4 Qc7 11. Qd2 Rd8 12. Bb3 Bd7 13. Re2 Rac8 14. Rae1 Ne7 15. Bxf6 Bxf6 16. e5 dxe5 17. Nxe5 Be8 18. Ng4 Bg7 19. Ne4 Nd5 20. Bxd5 exd5 21. Nef6+ Bxf6 22. Nxf6+ Kg7 23. Nxe8+ Rxe8 24. Rxe8 1-0